Geografía de la exclusión y negación ciudadana: el pueblo afrodescendiente de la ciudad de Guayaquil, Ecuador /
Guardado en:
| Hovedforfatter: | |
|---|---|
| Format: | Texto |
| Tags: |
Tilføj Tag
Ingen Tags, Vær først til at tagge denne postø!
|
MARC
| LEADER | 00000 a a2200000 04500 | ||
|---|---|---|---|
| 001 | 48642 | ||
| 003 | cru CIDCACS/IIS | ||
| 005 | 20180216133610.0 | ||
| 008 | http://cidcacs-gestion.iis.ucr.ac.cr/cgi | ||
| 999 | |c 31238 |d 31238 | ||
| 040 | |c cru CIDCACS/IIS | ||
| 100 | |a García Serrano, Francisco | ||
| 245 | |a Geografía de la exclusión y negación ciudadana: |b el pueblo afrodescendiente de la ciudad de Guayaquil, Ecuador / |c Francisco García Serrano | ||
| 773 | |g páginas 201-221 : mapas | ||
| 942 | |2 ddc |c LI | ||
